000 00832nam0a22002651 4500
001 RU\NLR\INFOCOMM10\ROSSICA\1000002797
005 20030430143759.0
035 _a(NLR Aleph) 009910023
090 _a10613065
_c10613065
100 _a20030430d1808 |||y0rusy50 ba
101 0 _amul
_gfre
102 _aRU
105 _ay ||||000ay
200 1 _aManuel du voyageur en cinq langues: angloise, allemande, italienne, française et russe
_fM-me de Genlis
210 _aMoscou
_d1808
215 _d8° obl.
700 1 _aGenlis
_bC. S. F. de
_cdu Saint-Aubain, marquise de Sillery
_f1746-1830
_gCaroline Stéphanie Félicité de
_4070
801 0 _aRU
_bNLR
_gPSBO
801 1 _aRU
_bInfoComm
_c20030430
852 _aNLR
_j13.9.12.24
852 _aNLR
_bВНО H2
_j11/3
942 _cBOOK
980 _aNB
980 _aRossica